000 00546nam a2200181Ia 4500
008 170510s9999 xx 000 0 und d
100 _aRik Smit
245 _aWitnessing in the new memory ecology: Memory construction of the Syrian conflict on YouTube
245 _cRik Smit, Ansgard Heinrich, Marcel Broersma
260 _bSAGE
260 _c2017
300 _apages 289-307,February
440 _aNew Media & Society
_v19:2
650 _aArchive
650 _aContent analysis
650 _aTagging
650 _aUser generated content
999 _c329857
_d329857